000 00371nam a22001337a 4500
082 _a624.154
_bCHE
_cL-14, P-60
100 _aChellis
_942625
245 _aPile Foundations
_bTheory Design Practice
260 _aNew York
_bMcgraw Hill Book Company
_c1951
300 _a681 P
_bDesign
526 _a0
_b0
_c0
_d624_154000000000000_CHE
650 _aMCE
_9379
942 _2ddc
_cBK
999 _c546478
_d546478